000 01738ngm a2200337 4500
003 dpl
005 20080723110517.0
007 DVD
008 ||||||sp199 xxu|||||c|||| 00| 0 eng d
010 _aDVD-000853-855
024 _a26995
_c499.00
035 _aDVD-000853-855
040 _aDPL
_cDPL
082 _aDVD / ATLA
245 _aAtlantis :
_cWalt Disney Home Entertainment
_h[videorecording] DVD/
_bThe Lost Empire
246 _a.
260 _bWalt Disney Home Entertainment
300 _a1 videodisc DVD; (96 min.) :
_bsd., col. ;
_c4 3/4 in.
_fDVD
440 _aWalt Disney Home Entertainment
500 _aSole Distributor in India M/s. Excel Productions Autio Visuals Pvt. Ltd.
500 _aSpecial Features: Audio Commentary with Filmmakers, Deleted Scenes, Virtual Tours of CG Models
500 _aThis DVD is Copy Protected
538 _aDolby Digital 5.1 -English, Mandarian, Cantonese Subtitles: English, Mandarin
538 _aAspect Ratio: 1.33:1, Presentation type: Full Frame, Presentation Size 4x3, Format DVD 9 Dual Layer Single Sided Disc.
650 _aAnimated Movie
942 _cCF
_2ddc
_hDVD
_mATLA
999 _c16422
_d16422